[Event "Rottach Egern Seniors Cup 12th"]
[Site "Rottach Egern"]
[Date "2024.04.07"]
[Round "2"]
[White "Stierle, Martin"]
[Black "Garlant, Carlo"]
[Result "1-0"]
[WhiteElo "1956"]
[BlackElo "1700"]
[PlyCount "73"]
[EventDate "2024.04.06"]
[EventType "swiss"]
[EventRounds "9"]
[EventCountry "GER"]
[SourceTitle "CB16_2024"]
[SourceDate "2024.04.17"]
[SourceVersion "1"]
[SourceVersionDate "2024.04.17"]
[SourceQuality "1"]

1. d4 d5 2. c4 c6 3. Nf3 Nf6 4. Nc3 dxc4 5. a4 Bf5 6. Ne5 e6 7. Nxc4 Nbd7 8. g3 Bb4 9. Bg2 0-0 10. 0-0 Nb6 11. Ne5 Bg6 12. Nxg6 hxg6 13. Bg5 Be7 14. e3 Nfd5 15. Bxe7 Qxe7 16. a5 Nxc3 17. bxc3 Nd5 18. c4 Nf6 19. a6 Qc7 20. axb7 Qxb7 21. Qa4 Rfc8 22. Rfb1 Qc7 23. Qa6 Qd7 24. Rb7 Rc7 25. Rxc7 Qxc7 26. Bxc6 Rc8 27. d5 exd5 28. Bxd5 Rd8 29. e4 Rd7 30. Rb1 Qc5 31. h3 Re7 32. Qb5 Qd4 33. Qb8+ Kh7 34. Qf4 a5 35. Rb8 Ra7 36. Ra8 Qb6 37. Qh4+ 1-0

[Event "Rottach Egern Seniors Cup 10th"]
[Site "Rottach Egern"]
[Date "2022.04.02"]
[Round "8"]
[White "Stierle, Martin"]
[Black "Kuempers, Ulrich"]
[Result "1-0"]
[WhiteElo "1879"]
[BlackElo "2098"]
[PlyCount "61"]
[EventDate "2022.03.26"]
[EventType "swiss"]
[EventRounds "9"]
[EventCountry "GER"]
[SourceTitle "CBM 207 Extra"]
[Source "ChessBase"]
[SourceDate "2022.05.31"]
[SourceVersion "1"]
[SourceVersionDate "2022.05.31"]
[SourceQuality "1"]

1. d4 Nf6 2. c4 d6 3. Nc3 e5 4. Nf3 Nbd7 5. e4 g6 6. Be2 Bg7 7. 0-0 0-0 8. Be3 Ng4 9. Bg5 f6 10. Bh4 h5 11. dxe5 Ndxe5 12. Nxe5 Nxe5 13. h3 Be6 14. Nd5 c6 15. f4 Nxc4 16. Bxc4 cxd5 17. Bxd5 Bf7 18. f5 Kh7 19. Bxf7 Rxf7 20. fxg6+ Kxg6 21. Rf5 Bh6 22. Qxh5+ Kg7 23. Rf3 Qh8 24. Qg4+ Kf8 25. Raf1 Bg7 26. Bg3 Rd8 27. e5 dxe5 28. Bxe5 Qh6 29. Qe6 Re8 30. Bd6+ Ree7 31. Qc8# 1-0

[Event "Rottach Egern Seniors Cup 9th"]
[Site "Rottach Egern"]
[Date "2021.10.28"]
[Round "7"]
[White "Stierle, Martin"]
[Black "Schnell, Franz"]
[Result "1-0"]
[WhiteElo "1886"]
[BlackElo "1737"]
[PlyCount "123"]
[EventDate "2021.10.22"]
[EventType "swiss"]
[EventRounds "7"]
[EventCountry "GER"]
[SourceTitle "CBM 204 Extra"]
[Source "ChessBase"]
[SourceDate "2021.11.30"]
[SourceVersion "1"]
[SourceVersionDate "2021.11.30"]
[SourceQuality "1"]

1. d4 d5 2. c4 Bf5 3. Nc3 e6 4. Nf3 Nf6 5. cxd5 exd5 6. Qb3 Nc6 7. Bg5 Nb4 8. Rc1 Be7 9. Bxf6 gxf6 10. a3 Nc6 11. Qxd5 Qc8 12. e3 0-0 13. Nh4 Bg6 14. Be2 Rd8 15. Qa2 f5 16. Nf3 Bf6 17. Nd5 Qe6 18. Nxf6+ Qxf6 19. 0-0 Rac8 20. Bb5 Ne7 21. Ne5 c6 22. Bc4 Kg7 23. b4 b5 24. Bb3 Nd5 25. Bxd5 Rxd5 26. Qxd5 cxd5 27. Rxc8 Qa6 28. Rc3 Qa4 29. Rfc1 a5 30. bxa5 Qxa5 31. Nc6 Qa4 32. Nb4 Qa8 33. Ra1 f4 34. Rc5 fxe3 35. fxe3 Be4 36. Rxb5 Qd8 37. Ra2 Qg5 38. Re2 Bf3 39. Rf2 Be4 40. Rb7 Bg6 41. Nc2 Kh6 42. Rb3 Be4 43. Ne1 Kg7 44. Nf3 Qg4 45. h3 Qg3 46. Ne5 Bg6 47. Nxg6 Kxg6 48. a4 Qg5 49. a5 Qd8 50. a6 Qa5 51. Rb7 Qe1+ 52. Rf1 Qxe3+ 53. Kh1 Qxd4 54. a7 Qa4 55. Rfxf7 Kh6 56. Rfe7 Qa6 57. Rb1 d4 58. Rd7 d3 59. Rd1 d2 60. R1xd2 Qf1+ 61. Kh2 Qf4+ 62. g3 1-0

[Event "Rottach Egern Seniors Cup 9th"]
[Site "Rottach Egern"]
[Date "2021.10.24"]
[Round "3"]
[White "Stierle, Martin"]
[Black "Mueller, Markus2222"]
[Result "1-0"]
[WhiteElo "1886"]
[BlackElo "1696"]
[PlyCount "95"]
[EventDate "2021.10.22"]
[EventType "swiss"]
[EventRounds "7"]
[EventCountry "GER"]
[SourceTitle "CBM 204 Extra"]
[Source "ChessBase"]
[SourceDate "2021.11.30"]
[SourceVersion "1"]
[SourceVersionDate "2021.11.30"]
[SourceQuality "1"]

1. d4 d5 2. c4 e6 3. Nc3 Nf6 4. Nf3 Nbd7 5. Bg5 c6 6. cxd5 exd5 7. e3 Qa5 8. Nd2 Bb4 9. Qc2 0-0 10. Be2 h6 11. Bh4 Re8 12. 0-0 Bxc3 13. bxc3 Ne4 14. Nxe4 Rxe4 15. Bg3 Nf6 16. c4 Re8 17. cxd5 Nxd5 18. Rfc1 Nf6 19. Bd3 Qd8 20. h3 Be6 21. Rab1 Qd7 22. a4 Bd5 23. Be5 Ne4 24. f3 Ng5 25. e4 Be6 26. h4 f6 27. Bg3 Nf7 28. Qc5 Rec8 29. a5 Rd8 30. Rb4 Rdc8 31. Rcb1 Nd8 32. f4 g6 33. h5 Bf7 34. Bc4 Ne6 35. Bxe6 Qxe6 36. hxg6 Bxg6 37. f5 Qxe4 38. fxg6 Qxg6 39. R1b3 b6 40. axb6 axb6 41. Rxb6 Ra1+ 42. Kh2 f5 43. Qc4+ Kf8 44. Qe2 Re8 45. Rb8 Ra8 46. Qxe8+ Qxe8 47. Rxe8+ Kxe8 48. Rb8+ 1-0

[Event "Rhein Main op-A 19th"]
[Site "Bad Homburg"]
[Date "2016.05.25"]
[Round "1"]
[White "Stierle, Martin"]
[Black "Rosenberger, Frank"]
[Result "1/2-1/2"]
[WhiteElo "1893"]
[BlackElo "2093"]
[PlyCount "49"]
[EventDate "2016.05.25"]
[EventType "swiss"]
[EventRounds "7"]
[EventCountry "GER"]
[SourceTitle "EXT 2017"]
[Source "ChessBase"]
[SourceDate "2016.10.25"]
[SourceVersion "1"]
[SourceVersionDate "2016.10.25"]
[SourceQuality "1"]

1. d4 d5 2. c4 e6 3. Nc3 c6 4. Nf3 Nf6 5. Bg5 dxc4 6. e4 b5 7. e5 h6 8. Bh4 g5 9. Nxg5 hxg5 10. Bxg5 Be7 11. exf6 Bxf6 12. Bxf6 Qxf6 13. g3 Na6 14. Bg2 Bb7 15. Ne4 Qe7 16. 0-0 0-0-0 17. a4 f5 18. axb5 cxb5 19. Rxa6 Bxa6 20. Nc5 Qxc5 21. dxc5 Rxd1 22. Rxd1 b4 23. Ra1 Bb5 24. Rxa7 Rd8 25. Ra8+ 1/2-1/2

[Event "Rhein Main op-A 16th"]
[Site "Bad Homburg"]
[Date "2013.05.30"]
[Round "2"]
[White "Zweschper, Erich"]
[Black "Stierle, Martin"]
[Result "1-0"]
[WhiteElo "2126"]
[BlackElo "1916"]
[PlyCount "49"]
[EventDate "2013.05.29"]
[EventType "swiss"]
[EventRounds "7"]
[EventCountry "GER"]
[SourceTitle "EXT 2014"]
[Source "ChessBase"]
[SourceDate "2013.11.20"]
[SourceVersion "1"]
[SourceVersionDate "2013.11.20"]
[SourceQuality "1"]

1. d4 c5 2. e3 Nf6 3. c4 e6 4. Nc3 cxd4 5. exd4 Bb4 6. Bd3 d5 7. Nf3 dxc4 8. Bxc4 0-0 9. 0-0 Qc7 10. Qb3 Bxc3 11. bxc3 b6 12. Bg5 Ne4 13. Bd3 Bb7 14. Rfe1 Nxg5 15. Nxg5 Qf4 16. Ne4 Nd7 17. Ng3 Nf6 18. Rac1 Rfd8 19. Qd1 Bd5 20. Qe2 Rac8 21. f3 Rxc3 22. Rxc3 Qxd4+ 23. Qe3 Qxc3 24. Bxh7+ Kxh7 25. Qxc3 1-0

[Event "Rhein Main op-A 15th"]
[Site "Bad Homburg"]
[Date "2012.06.06"]
[Round "1"]
[White "Stierle, Martin"]
[Black "Zweschper, Erich"]
[Result "0-1"]
[WhiteElo "1933"]
[BlackElo "2138"]
[PlyCount "68"]
[EventDate "2012.06.06"]
[EventType "swiss"]
[EventRounds "7"]
[EventCountry "GER"]
[SourceTitle "EXT 2013"]
[Source "ChessBase"]
[SourceDate "2012.11.22"]
[SourceVersion "1"]
[SourceVersionDate "2012.11.22"]
[SourceQuality "1"]

1. d4 Nf6 2. c4 d6 3. Nc3 Nbd7 4. e4 e5 5. Nf3 Be7 6. Be2 0-0 7. 0-0 c6 8. Re1 Re8 9. d5 Nf8 10. h3 Ng6 11. Bf1 Bd7 12. Be3 Qc7 13. Rc1 a5 14. Nd2 Rf8 15. c5 dxc5 16. Nc4 Ne8 17. d6 Nxd6 18. Bxc5 Nxc4 19. Bxe7 Nxe7 20. Bxc4 Rad8 21. Qh5 Ng6 22. g3 Qc8 23. Kh2 Be6 24. Bxe6 Qxe6 25. Red1 Rd4 26. Qf5 Qd6 27. Rxd4 exd4 28. Rd1 b6 29. Ne2 c5 30. a3 Rd8 31. Nc3 Ne5 32. Nb5 Qe6 33. Qf4 Qb3 34. Nc3 Re8 0-1

[Event "Rhein Main op-A 14th"]
[Site "Bad Homburg"]
[Date "2011.06.22"]
[Round "1"]
[White "Stierle, Martin"]
[Black "Johansson, Gunnar"]
[Result "0-1"]
[WhiteElo "1973"]
[BlackElo "2234"]
[PlyCount "64"]
[EventDate "2011.06.22"]
[EventType "swiss"]
[EventRounds "7"]
[EventCountry "GER"]
[SourceTitle "EXT 2012"]
[Source "ChessBase"]
[SourceDate "2011.11.24"]
[SourceVersion "1"]
[SourceVersionDate "2011.11.24"]
[SourceQuality "1"]

1. d4 d5 2. c4 e6 3. Nc3 c6 4. Nf3 Nf6 5. Bg5 h6 6. Bxf6 Qxf6 7. Qb3 a5 8. e4 a4 9. Qc2 dxe4 10. Nxe4 Bb4+ 11. Ned2 a3 12. c5 axb2 13. Qxb2 Ba5 14. Be2 Nd7 15. Rb1 0-0 16. 0-0 Bxd2 17. Nxd2 e5 18. dxe5 Qxe5 19. Qxe5 Nxe5 20. Ra1 Be6 21. a4 Ra5 22. f4 Nd7 23. Ne4 Rfa8 24. Rfb1 R8a7 25. Rb4 Bd5 26. Bg4 Nxc5 27. Nxc5 Rxc5 28. Rab1 Rc2 29. Bf3 Bxf3 30. gxf3 c5 31. Rxb7 Rxa4 32. f5 Rf4 0-1

[Event "Stuttgart-chA int"]
[Site "Gerlingen"]
[Date "2011.06.03"]
[Round "5"]
[White "Gibicar, Danijel"]
[Black "Stierle, Martin"]
[Result "1/2-1/2"]
[WhiteElo "2037"]
[BlackElo "1977"]
[PlyCount "37"]
[EventDate "2011.06.02"]
[EventType "swiss"]
[EventRounds "7"]
[EventCountry "GER"]
[SourceTitle "EXT 2018"]
[Source "ChessBase"]
[SourceDate "2017.10.13"]
[SourceVersion "1"]
[SourceVersionDate "2017.10.13"]
[SourceQuality "1"]

1. d4 g6 2. c4 f5 3. h4 Bg7 4. h5 d6 5. Nc3 Nc6 6. Nf3 e5 7. Bg5 Qd7 8. hxg6 hxg6 9. Rxh8 Bxh8 10. e3 Bf6 11. dxe5 Nxe5 12. Bxf6 Nxf6 13. Qd4 Qe7 14. 0-0-0 Bd7 15. Nd5 Nxd5 16. cxd5 a6 17. Kb1 Ng4 18. Rd2 Qf6 19. Bc4 1/2-1/2

[Event "Stuttgart-chA int"]
[Site "Gerlingen"]
[Date "2011.06.02"]
[Round "1"]
[White "Schuh, Karsten"]
[Black "Stierle, Martin"]
[Result "1-0"]
[WhiteElo "2249"]
[BlackElo "1977"]
[PlyCount "55"]
[EventDate "2011.06.02"]
[EventType "swiss"]
[EventRounds "7"]
[EventCountry "GER"]
[SourceTitle "EXT 2018"]
[Source "ChessBase"]
[SourceDate "2017.10.13"]
[SourceVersion "1"]
[SourceVersionDate "2017.10.13"]
[SourceQuality "1"]

1. c4 f5 2. Nc3 Nf6 3. g3 g6 4. Bg2 Bg7 5. Nf3 0-0 6. 0-0 d6 7. d3 c6 8. Rb1 Qe8 9. b4 Na6 10. b5 Nc5 11. Ba3 Bd7 12. Bxc5 dxc5 13. Ne5 Ne4 14. Nxe4 fxe4 15. Nxd7 Qxd7 16. bxc6 bxc6 17. Bxe4 Rab8 18. Qa4 Rb6 19. Rxb6 axb6 20. Bxc6 Qf5 21. Bf3 Bd4 22. Qc6 g5 23. Kg2 Kg7 24. Be4 Qg4 25. e3 Bxe3 26. Bf3 Qd4 27. fxe3 Qxd3 28. Qe4 1-0

[Event "Graz op-A"]
[Site "Graz"]
[Date "2004.09.06"]
[Round "3"]
[White "Schachinger, Mario"]
[Black "Stierle, Martin"]
[Result "1/2-1/2"]
[WhiteElo "2079"]
[BlackElo "2035"]
[PlyCount "40"]
[EventDate "2004.09.04"]
[EventType "swiss"]
[EventRounds "9"]
[EventCountry "AUT"]
[SourceTitle "EXT 2006"]
[Source "ChessBase"]
[SourceDate "2005.11.24"]
[SourceVersion "1"]
[SourceVersionDate "2005.11.24"]
[SourceQuality "1"]

1. e4 e6 2. d4 d5 3. Nd2 Nf6 4. e5 Nfd7 5. Ndf3 c5 6. c3 Nc6 7. Bd3 cxd4 8. cxd4 f6 9. exf6 Nxf6 10. Ne2 Bd6 11. 0-0 0-0 12. Ng3 e5 13. dxe5 Nxe5 14. Nxe5 Bxe5 15. Re1 Bc7 16. Qc2 Qd6 17. Be3 b6 18. Rac1 Bb8 19. Qc6 Qxc6 20. Rxc6 Bd7 1/2-1/2

[Event "Bad Woerishofen op 17th"]
[Site "Bad Woerishofen"]
[Date "2001.??.??"]
[Round "3"]
[White "Stierle, Martin"]
[Black "Schmitt, Karl"]
[Result "1/2-1/2"]
[WhiteElo "1945"]
[BlackElo "1802"]
[PlyCount "38"]
[EventDate "2001.03.15"]
[EventType "swiss"]
[EventRounds "9"]
[EventCountry "GER"]
[SourceTitle "CBM 081 Extra"]
[Source "ChessBase"]
[SourceDate "2001.05.06"]
[SourceVersion "1"]
[SourceVersionDate "2001.05.06"]
[SourceQuality "1"]

1. d4 c5 2. e3 cxd4 3. exd4 d5 4. Bd3 Nc6 5. c3 Qc7 6. Ne2 Bg4 7. 0-0 e6 8. Qa4 a6 9. Bf4 Bd6 10. Bxd6 Qxd6 11. Nd2 Nf6 12. h3 Bh5 13. Ng3 Bg6 14. Qc2 Rc8 15. Qb1 Bxd3 16. Qxd3 0-0 17. f4 Rfe8 18. Nb3 Nd7 19. Rae1 b5 1/2-1/2